000 00256nam a22001217a 4500
008 181102b xxu||||| |||| 00| 0 eng d
041 _aeng
080 _a617
100 _a6
101 _aSHK
245 _aTextbook of Surgery
_cSabiston
942 _2udc
_cBK
999 _c51719
_d51719